书目信息 |
| 题名: |
经济·社会·科技
|
|
| 作者: | 布朗 著 ;贡光禹 译 | |
| 分册: | ||
| 出版信息: | 北京 科学技术文献出版社 1984 |
|
| 页数: | 283页 | |
| 开本: | 20cm | |
| 丛书名: | ||
| 单 册: | ||
| 中图分类: | C915 | |
| 科图分类: | ||
| 主题词: | 社会分析 , 社会调查 | |
| 电子资源: | ||
| ISBN: | ||
| 000 | 00852nam0 2200265 45 | |
| 001 | 0184001437 | |
| 005 | 20060802111545.87 | |
| 010 | @dCNY1.85 | |
| 091 | @a17176.417 | |
| 100 | @a19951012d1984 em y0chiy0121 ea | |
| 101 | 1 | @achi@ceng |
| 102 | @aCN@b110000 | |
| 105 | @ay z 000yy | |
| 200 | 10 | @a经济·社会·科技@AJing Ji·She Hui·Ke Ji@e1984年世界形势评述@E1984 Nian Shi Jie Xing Shi Ping Shu@f(美)莱斯特·R·布朗等著@F(Mei)Lai Si Te·R·Bu Lang Deng Zhu@g贡光禹等译 |
| 210 | @a北京@c科学技术文献出版社@d1984 | |
| 215 | @a283页@d20cm | |
| 517 | @a1984年世界形势评述@A1984 Nian Shi Jie Xing Shi Ping Shu | |
| 606 | 0 | @a社会分析 |
| 606 | 0 | @a社会调查 |
| 690 | @aC915@v3 | |
| 701 | 0 | @a布朗@4著 |
| 702 | 0 | @a贡光禹@Agong guang yu@4译 |
| 801 | 2 | @aCN@bNLC@c20060802 |
| 801 | 0 | @aCN@b深圳图书馆@c20040506 |
| 905 | @dC915@e70@b171874@f1 | |
| 经济·社会·科技:1984年世界形势评述/(美)莱斯特·R·布朗等著/贡光禹等译.-北京:科学技术文献出版社,1984 |
| 283页;20cm |
| ISBN :CNY1.85 |
| ● |
| 相关链接 |
|
|
|
|
正题名:经济·社会·科技
索取号:C915/70
 
预约/预借
| 序号 | 登录号 | 条形码 | 馆藏地/架位号 | 状态 | 备注 |
| 1 | 0171871 | 000366277 | 密集书库/ [索取号:C915/70] | 在馆 | |
| 2 | 0171872 | 000366259 | 密集书库/ [索取号:C915/70] | 在馆 | |
| 3 | 0171873 | 000366268 | 密集书库/ [索取号:C915/70] | 在馆 | |
| 4 | 0171874 | 000366286 | 第一样本阅览室/ [索取号:C915/70] | 在馆 | |
| 5 | 0441805 | 204418059 | 密集书库/ [索取号:C915/70] | 在馆 |